I Like Me Better - Lauv Lyrics - Statistics

General Stats
  • This quiz has been taken 281 times
  • The average score is 209 of 258
Answer Stats
Answer % Correct
be
99%
I
99%
me
99%
you
99%
with
98%
better
97%
Better
97%
like
97%
a
96%
I'm
96%
when
96%
in
92%
To
92%
to
92%
and
91%
New
90%
York
89%
City
88%
love
87%
the
87%
young
86%
long
85%
time
84%
know
82%
no
79%
first
78%
here
78%
not
77%
for
75%
you're
73%
am
72%
knew
71%
that
71%
who
71%
but
70%
drunk
70%
morning
70%
Stay
69%
stay
69%
cause
68%
coffee
68%
from
68%
talking
65%
as
63%
got
61%
hours
58%
into
58%
good
57%
don't
56%
feeling
55%
it
54%
is
53%
what
53%
Midnight
50%
Burning
48%
something
48%
through
48%
tell
47%
pass
46%
still
46%
we
46%
have
45%
up
45%
by
44%
bed
43%
just
43%
Yeah
43%
might
42%
us
42%
next
41%
this
41%
too
41%
Waking
41%
ceiling
40%
lay
40%
Lay
40%
room
39%
much
36%
get
34%
stayed
34%
day
33%
If
32%
let
31%
swear
30%
awhile
26%
No matching quizzes found
Score Distribution
Percent of People with Each Score
Percentile by Number Answered
Your Score History
You have not taken this quiz